100 Biggest Cities of the Democratic Republic of the Congo on a Map - Statistics

General Stats
  • This quiz has been taken 36 times
  • The average score is 22 of 100
Answers on the Map
Answers color-coded by a green-red scale on the quiz's map according to % correct below.
 
Answer Stats
Population City % Correct
7,273,947 Kinshasa
96%
1,283,380 Lubumbashi
83%
249,862 Goma
74%
682,599 Kisangani
74%
1,213,726 Mbuji-Mayi
65%
471,789 Bukavu
57%
720,362 Kananga
57%
456,446 Kolwezi
52%
262,814 Mbandaka
48%
366,503 Tshikapa
48%
171,552 Boma
43%
165,333 Butembo
43%
245,862 Matadi
43%
89,289 Bumba
39%
294,210 Kikwit
39%
367,219 Likasi
39%
81,286 Beni
35%
230,625 Bunia
35%
113,879 Gemena
35%
147,524 Isiro
35%
126,723 Kabinda
35%
135,534 Kindu
35%
235,136 Uvira
35%
92,971 Kalemie
30%
67,847 Lisala
30%
117,197 Bandundu
26%
44,112 Basoko
26%
115,626 Kamina
26%
170,786 Mwene-Ditu
26%
26,290 Aru
22%
67,721 Ilebo
22%
66,607 Inkisi
22%
82,466 Mbanza-Ngungu
22%
47,213 Balamba
17%
29,339 Boende
17%
27,921 Businga
17%
46,642 Buta
17%
120,170 Gandajika
17%
42,647 Gbadolite
17%
50,761 Idiofa
17%
26,223 Kasangulu
17%
47,149 Kasongo
17%
36,572 Kenge
17%
97,981 Kipushi
17%
52,798 Lodja
17%
28,520 Lusambo
17%
74,397 Moanda
17%
46,890 Moba
17%
28,105 Zongo
17%
35,486 Aketi
13%
23,763 Basankusu
13%
55,906 Binga
13%
27,166 Bolobo
13%
60,954 Bukama
13%
47,013 Bulungu
13%
23,726 Dungu
13%
39,769 Inongo
13%
46,896 Kabalo
13%
41,776 Kalima
13%
57,693 Kambove
13%
46,233 Kaniama
13%
25,499 Kanyabayonga
13%
45,942 Kimpese
13%
50,212 Kongolo
13%
32,381 Kutu
13%
21,844 Lubao
13%
24,099 Lubero
13%
26,248 Luebo
13%
26,878 Lukula
13%
31,581 Luputa
13%
36,801 Mangai
13%
47,632 Manono
13%
26,440 Masi-Manimba
13%
26,176 Mongbwalu
13%
35,428 Mushie
13%
46,940 Mweka
13%
35,900 Nioki
13%
22,121 Pweto
13%
47,756 Rutshuru
13%
37,088 Tshela
13%
35,859 Yangambi
13%
58,092 Bakwa-Kalonji
9%
23,918 Djugu
9%
28,938 Fungurume
9%
25,636 Kenankuna
9%
26,818 Kipamba
9%
25,430 Malemba-Nkulu
9%
32,022 Mangina
9%
46,167 Miabi
9%
51,603 Mulongo
9%
36,138 Nyunzu
9%
43,065 Oicha
9%
27,308 Watsa
9%
24,320 Katanda
4%
29,517 Kayna
4%
30,059 Kirumba
4%
67,044 Tshilenge
4%
32,368 Diyaba-Lubue
0%
51,610 Katwa
0%
38,340 Kituku
0%
No matching quizzes found
Score Distribution
Percent of People with Each Score
Percentile by Number Answered
Your Score History
You have not taken this quiz